=LDR 00000nam 2200000 4500 =001 INLIS000000000030973 =005 20221215013948 =035 ##$$a 0010-061300000030973 =008 221215################g##########0#ind## =041 ##$$a ind =082 ##$$a 028.5 =090 ##$$a 028.5, Ali a =100 ##$$a Muakhir, Ali =245 1#$$a Akhlak kepada Orang tua, /$c Ali Muakhir; penerjemah Farah; editor, Imran Laha =260 ##$$a Jakarta :$b Bumi Aksara,$c 2009 =300 ##$$a 31 hlm : $b Ilus ; $c 16 cm =650 #4$$a Bacaan Anak-anak =850 ##$$a NBPNMAT =020 ##$$a 978-979-010-499-0 =084 ##$$a 028.5 MUA a =990 ##$$a 0001/BPAP-NTB/2015 =990 ##$$a 0001/BPAP-NTB/2015 =990 ##$$a 21304313 =990 ##$$a 21304313 =990 ##$$a 0001/BPAP-NTB/2015 =990 ##$$a 0001/BPAP-NTB/2015 =990 ##$$a 21304312 =990 ##$$a 0001/BPAP-NTB/2015 =990 ##$$a 21304313 =990 ##$$a 20901888 =990 ##$$a 21304312 =990 ##$$a 21304313 =990 ##$$a 18401840 =990 ##$$a 21304309 =990 ##$$a 20901888 =990 ##$$a 21304312 =990 ##$$a 21304313 =990 ##$$a 20901888 =990 ##$$a 21304312 =990 ##$$a 21304313 =990 ##$$a 21304309